Schopenhauer's philosophy of religion : (Record no. 120262)
[ view plain ]
| 000 -LEADER | |
|---|---|
| fixed length control field | 00860cam a22002535a 4500 |
| 001 - CONTROL NUMBER | |
| control field | 16410748 |
| 003 - CONTROL NUMBER IDENTIFIER | |
| control field | ARRUPE |
| 005 - DATE AND TIME OF LATEST TRANSACTION | |
| control field | 20140325141944.0 |
| 008 - FIXED-LENGTH DATA ELEMENTS--GENERAL INFORMATION | |
| fixed length control field | 100806s2010 be 000 0 eng |
| 020 ## - INTERNATIONAL STANDARD BOOK NUMBER | |
| International Standard Book Number | 9789042922150 |
| 035 ## - SYSTEM CONTROL NUMBER | |
| System control number | (CaONFCNI)ny5449831 |
| 040 ## - CATALOGING SOURCE | |
| Original cataloging agency | DLC |
| Transcribing agency | DLC |
| 050 ## - LIBRARY OF CONGRESS CALL NUMBER | |
| Classification number | B3148.R988 2010 |
| 300 ## - PHYSICAL DESCRIPTION | |
| Dimensions | cm. |
| 100 1# - MAIN ENTRY--PERSONAL NAME | |
| Personal name | Ryan, Christopher, |
| Dates associated with a name | 1966- |
| 9 (RLIN) | 9295 |
| 245 10 - TITLE STATEMENT | |
| Title | Schopenhauer's philosophy of religion : |
| Remainder of title | the death of God and the Oriental Renaissance / |
| Statement of responsibility, etc | by Christopher Ryan. |
| 260 ## - PUBLICATION, DISTRIBUTION, ETC. (IMPRINT) | |
| Place of publication, distribution, etc | Leuven : |
| Name of publisher, distributor, etc | Peeters, |
| Date of publication, distribution, etc | 2010. |
| 300 ## - PHYSICAL DESCRIPTION | |
| Extent | viii, 249 p. ; |
| 440 #0 - SERIES STATEMENT/ADDED ENTRY--TITLE | |
| Title | Studies in philosophical theology |
| Number of part/section of a work | 43 |
| 9 (RLIN) | 9296 |
| 500 ## - GENERAL NOTE | |
| General note | Includes bibliographical references (p. [233]-244) and index. |
| 600 ## - SUBJECT ADDED ENTRY--PERSONAL NAME | |
| Personal name | Schopenhauer, Arthur |
| General subdivision | Religion |
| 9 (RLIN) | 9297 |
| 906 ## - LOCAL DATA ELEMENT F, LDF (RLIN) | |
| a | 0 |
| b | ibc |
| c | origres |
| d | u |
| e | ncip |
| f | 20 |
| g | y-gencatlg |
| 942 ## - ADDED ENTRY ELEMENTS (KOHA) | |
| Source of classification or shelving scheme | Library of Congress Classification |
| Koha item type | Monograph ( Printed materials) |
| Withdrawn status | Lost status | Source of classification or shelving scheme | Damaged status | Not for loan | Home library | Current library | Shelving location | Date acquired | Total Checkouts | Full call number | Barcode | Date last seen | Price effective from | Koha item type |
|---|---|---|---|---|---|---|---|---|---|---|---|---|---|---|
| Library of Congress Classification | ARRUPE LIBRARY | ARRUPE LIBRARY | Main Collection | 25/03/2014 | B3148.R988 2010 | 46500002164 | 25/03/2014 | 25/03/2014 | Monograph ( Printed materials) |